[Event "RA-2014-0-00360"]
[Site "LSS email"]
[Date "2014.11.07"]
[Round "?"]
[White "Corti, Horacio"]
[Black "Khan, Valery"]
[Result "1-0"]
[WhiteElo "2109"]
[BlackElo "2139"]
[PlyCount "81"]
[EventDate "2014.10.22"]
[EventType "tourn (corr)"]
[EventRounds "6"]
[EventCountry "GER"]
[SourceTitle "Corr 2015"]
[Source "ChessBase"]
[SourceDate "2015.07.17"]
[SourceVersion "1"]
[SourceVersionDate "2015.07.17"]
[SourceQuality "1"]

1. d4 Nf6 2. c4 g6 3. Nc3 Bg7 4. Nf3 d5 5. cxd5 Nxd5 6. e4 Nxc3 7. bxc3 c5 8. Rb1 0-0 9. Be2 Nc6 10. d5 Bxc3+ 11. Bd2 Bxd2+ 12. Qxd2 Na5 13. h4 f6 14. h5 g5 15. Nxg5 fxg5 16. Qxg5+ Kh8 17. h6 Rf7 18. Bh5 Qg8 19. Qxg8+ Kxg8 20. Bxf7+ Kxf7 21. Rh5 Bd7 22. Rg5 Rg8 23. Rxg8 Kxg8 24. Rc1 b6 25. Rc3 Be8 26. Rg3+ Kf8 27. f4 Bf7 28. Rg7 Bg8 29. e5 Nc4 30. Ke2 a5 31. a4 b5 32. axb5 a4 33. d6 exd6 34. b6 Nxb6 35. exd6 Be6 36. Rxh7 Kg8 37. Ra7 Kh8 38. Kf3 c4 39. g4 c3 40. Rc7 Nd5 41. d7 1-0

[Event "RA-2014-0-00360"]
[Site "LSS email"]
[Date "2014.11.07"]
[Round "?"]
[White "Khan, Valery"]
[Black "Grego, Luis Jose Gonzaga"]
[Result "1/2-1/2"]
[WhiteElo "2139"]
[BlackElo "2087"]
[PlyCount "36"]
[EventDate "2014.10.22"]
[EventType "tourn (corr)"]
[EventRounds "6"]
[EventCountry "GER"]
[SourceTitle "Corr 2015"]
[Source "ChessBase"]
[SourceDate "2015.07.17"]
[SourceVersion "1"]
[SourceVersionDate "2015.07.17"]
[SourceQuality "1"]

1. d4 Nf6 2. c4 g6 3. Nc3 Bg7 4. e4 d6 5. Be2 Nbd7 6. Nf3 0-0 7. Qc2 e5 8. dxe5 Nxe5 9. Nxe5 dxe5 10. Be3 c6 11. Rd1 Qa5 12. 0-0 Be6 13. f3 Rfd8 14. a3 Rxd1 15. Rxd1 Rd8 16. Rxd8+ Qxd8 17. b4 a5 18. g3 axb4 1/2-1/2

[Event "RA-2014-0-00358"]
[Site "LSS email"]
[Date "2014.11.03"]
[Round "?"]
[White "Sorcinelli, Andrea"]
[Black "Khan, Valery"]
[Result "1/2-1/2"]
[WhiteElo "2127"]
[BlackElo "2139"]
[PlyCount "47"]
[EventDate "2014.10.05"]
[EventType "tourn (corr)"]
[EventRounds "6"]
[EventCountry "GER"]
[SourceTitle "Corr 2015"]
[Source "ChessBase"]
[SourceDate "2015.07.17"]
[SourceVersion "1"]
[SourceVersionDate "2015.07.17"]
[SourceQuality "1"]

1. e4 c5 2. Nf3 d6 3. d4 cxd4 4. Nxd4 Nf6 5. Nc3 a6 6. Bg5 e6 7. f4 Qb6 8. Qd2 Qxb2 9. Rb1 Qa3 10. e5 dxe5 11. fxe5 h6 12. Bh4 Nfd7 13. Ne4 Qxa2 14. Rd1 Qd5 15. Qe3 Qxe5 16. Be2 Bc5 17. Bg3 Qd5 18. c4 Bxd4 19. Rxd4 Qa5+ 20. Rd2 0-0 21. Bd6 Rd8 22. Be7 Re8 23. Bh4 Rf8 24. Be7 1/2-1/2

[Event "RA-2014-0-00358"]
[Site "LSS email"]
[Date "2014.11.02"]
[Round "?"]
[White "Susla, Vitaliy"]
[Black "Khan, Valery"]
[Result "1-0"]
[WhiteElo "2161"]
[BlackElo "2139"]
[PlyCount "77"]
[EventDate "2014.10.05"]
[EventType "tourn (corr)"]
[EventRounds "6"]
[EventCountry "GER"]
[SourceTitle "Corr 2015"]
[Source "ChessBase"]
[SourceDate "2015.07.17"]
[SourceVersion "1"]
[SourceVersionDate "2015.07.17"]
[SourceQuality "1"]

1. d4 Nf6 2. c4 g6 3. Nc3 d5 4. Nf3 Bg7 5. cxd5 Nxd5 6. e4 Nxc3 7. bxc3 c5 8. Rb1 0-0 9. Be2 Nc6 10. d5 Bxc3+ 11. Bd2 Bxd2+ 12. Qxd2 Na5 13. h4 f6 14. h5 g5 15. Nxg5 fxg5 16. Qxg5+ Kh8 17. h6 Rf7 18. Bh5 Qg8 19. Qxg8+ Kxg8 20. Bxf7+ Kxf7 21. Rh5 Bg4 22. Rg5 Rg8 23. Rxg8 Kxg8 24. Rc1 b6 25. Rc3 Bh5 26. Rg3+ Kf8 27. f4 Bf7 28. Rg7 Bg8 29. e5 Nc4 30. Ke2 a5 31. Kd3 b5 32. a4 Nb2+ 33. Ke4 Nxa4 34. e6 c4 35. d6 Nc5+ 36. Kd5 Bxe6+ 37. Kxc5 exd6+ 38. Kxd6 Bf5 39. Ke5 1-0

[Event "RM-2014-0-00150"]
[Site "LSS email"]
[Date "2014.09.30"]
[Round "?"]
[White "Sarakenidis, Nikolaos"]
[Black "Khan, Valery"]
[Result "1-0"]
[WhiteElo "2191"]
[BlackElo "2137"]
[PlyCount "127"]
[EventDate "2014.08.31"]
[EventType "tourn (corr)"]
[EventRounds "6"]
[EventCountry "GER"]
[SourceTitle "Corr 2015"]
[Source "ChessBase"]
[SourceDate "2015.07.17"]
[SourceVersion "1"]
[SourceVersionDate "2015.07.17"]
[SourceQuality "1"]

1. e4 c5 2. Nf3 d6 3. d4 cxd4 4. Nxd4 Nf6 5. Nc3 a6 6. Be3 e5 7. Nb3 Be7 8. f3 Be6 9. Qd2 0-0 10. 0-0-0 Nbd7 11. g4 b5 12. g5 Nh5 13. Kb1 Nb6 14. Nd5 Nxd5 15. exd5 Bf5 16. Na5 Qd7 17. Nc6 f6 18. h4 Bd8 19. Rh2 Qc7 20. Rc1 Qf7 21. Ka1 fxg5 22. hxg5 Bg6 23. Rh4 Ng3 24. Bh3 Nf5 25. f4 Qe8 26. Bxf5 Rxf5 27. fxe5 dxe5 28. c4 Qd7 29. b3 h5 30. Rd1 bxc4 31. bxc4 Bc7 32. Qe2 Qe8 33. Bc5 Bd8 34. Nxd8 Rxd8 35. Bb6 Rd7 36. d6 Rf4 37. Rxf4 exf4 38. Qxe8+ Bxe8 39. c5 Rb7 40. g6 f3 41. a3 h4 42. Bc7 f2 43. Rf1 Rb3 44. Rxf2 Rxa3+ 45. Kb2 Rd3 46. Re2 Bxg6 47. c6 Bf5 48. Re7 Kf8 49. Re5 Bc8 50. Rh5 Kf7 51. Rxh4 Bf5 52. Rf4 Kg6 53. Ra4 Bc8 54. Re4 Bh3 55. Ra4 Bc8 56. Ra3 Rd5 57. Ra5 Rd3 58. Kc2 Rd4 59. Kc3 Rd1 60. Kb4 Kf7 61. Kc5 Ke8 62. Kb6 Bg4 63. Re5+ Kf7 64. Bb8 1-0

[Event "RM-2014-0-00148"]
[Site "LSS email"]
[Date "2014.09.21"]
[Round "?"]
[White "Khan, Valery"]
[Black "Nguyen, Piotr"]
[Result "1/2-1/2"]
[WhiteElo "2139"]
[BlackElo "2294"]
[PlyCount "42"]
[EventDate "2014.08.01"]
[EventType "tourn (corr)"]
[EventRounds "6"]
[EventCountry "GER"]
[SourceTitle "Corr 2015"]
[Source "ChessBase"]
[SourceDate "2015.07.17"]
[SourceVersion "1"]
[SourceVersionDate "2015.07.17"]
[SourceQuality "1"]

1. e4 c5 2. Nf3 g6 3. c3 d5 4. exd5 Qxd5 5. d4 Bg7 6. Na3 cxd4 7. Bc4 Qe4+ 8. Be3 Nh6 9. cxd4 0-0 10. 0-0 Bg4 11. Bxh6 Bxh6 12. Re1 Qf4 13. Rxe7 Nc6 14. Rxb7 Rab8 15. Rxb8 Rxb8 16. b3 Rd8 17. Nc2 Bg7 18. Qc1 Qxc1+ 19. Rxc1 Bxf3 20. gxf3 Nxd4 21. Kg2 Nf5 1/2-1/2

[Event "RM-2014-0-00148"]
[Site "LSS email"]
[Date "2014.09.21"]
[Round "?"]
[White "Khan, Valery"]
[Black "Szabo, Mihaly"]
[Result "1/2-1/2"]
[WhiteElo "2139"]
[BlackElo "2265"]
[PlyCount "90"]
[EventDate "2014.08.01"]
[EventType "tourn (corr)"]
[EventRounds "6"]
[EventCountry "GER"]
[SourceTitle "Corr 2015"]
[Source "ChessBase"]
[SourceDate "2015.07.17"]
[SourceVersion "1"]
[SourceVersionDate "2015.07.17"]
[SourceQuality "1"]

1. e4 c6 2. d4 d5 3. e5 Bf5 4. Nf3 e6 5. Be2 Nd7 6. 0-0 Ne7 7. Nbd2 h6 8. c3 a6 9. b4 a5 10. Nb3 axb4 11. cxb4 Nc8 12. Nc5 b6 13. Nxd7 Qxd7 14. Bd2 c5 15. bxc5 bxc5 16. dxc5 Bxc5 17. Rc1 Ba3 18. Nd4 0-0 19. Bb5 Qe7 20. Nxf5 exf5 21. Rc2 Nb6 22. Qf3 Qxe5 23. Re1 Qf6 24. Rd1 Rfd8 25. Bf4 Qe7 26. Re2 Qb4 27. Bd3 Na4 28. Rc2 Nc3 29. Bd2 d4 30. Qxf5 g6 31. Qf3 Rab8 32. Rf1 h5 33. g4 hxg4 34. Qxg4 Qb6 35. Bg5 Re8 36. h4 Be7 37. Bd2 Qc5 38. Bf4 Rbd8 39. Bxg6 Kh8 40. Kh2 Bd6 41. Bf5 Bxf4+ 42. Qxf4 Qe5 43. Qxe5+ Rxe5 44. Bd3 Rh5 45. Kh3 f5 1/2-1/2

[Event "RA-2014-0-00348"]
[Site "LSS email"]
[Date "2014.09.16"]
[Round "?"]
[White "Khan, Valery"]
[Black "Nowak, Ireneusz"]
[Result "1-0"]
[WhiteElo "2139"]
[BlackElo "2070"]
[PlyCount "81"]
[EventDate "2014.08.26"]
[EventType "tourn (corr)"]
[EventRounds "6"]
[EventCountry "GER"]
[SourceTitle "Corr 2015"]
[Source "ChessBase"]
[SourceDate "2015.07.17"]
[SourceVersion "1"]
[SourceVersionDate "2015.07.17"]
[SourceQuality "1"]

1. e4 c5 2. Nf3 d6 3. d4 cxd4 4. Nxd4 Nf6 5. Nc3 Nc6 6. Bg5 e6 7. Qd2 Be7 8. 0-0-0 0-0 9. h4 Nxd4 10. Qxd4 h6 11. f4 hxg5 12. hxg5 Ng4 13. Be2 e5 14. Qg1 exf4 15. Bxg4 Bxg5 16. Bxc8 Rxc8 17. Kb1 Re8 18. Qxa7 Qc7 19. Qf2 Qc5 20. Qe2 Bh6 21. Rd5 Qb6 22. Qd3 Re6 23. Rb5 Qf2 24. Qf3 Qa7 25. a3 Qa6 26. Rf5 Qc6 27. Qh3 Qe8 28. g4 fxg3 29. Qxg3 Rg6 30. Qd3 Rd8 31. Rhf1 Rd7 32. Nd5 f6 33. Qb3 Kh8 34. Rh1 Rf7 35. Rff1 Kh7 36. Nf4 Rg4 37. Ne6 b6 38. Qd5 Kg8 39. Rd1 Re7 40. Nd4+ Kh7 41. Nf5 1-0

[Event "RA-2014-0-00348"]
[Site "LSS email"]
[Date "2014.09.15"]
[Round "?"]
[White "Willmann, Bernd"]
[Black "Khan, Valery"]
[Result "1/2-1/2"]
[WhiteElo "2114"]
[BlackElo "2139"]
[PlyCount "78"]
[EventDate "2014.08.26"]
[EventType "tourn (corr)"]
[EventRounds "6"]
[EventCountry "GER"]
[SourceTitle "Corr 2015"]
[Source "ChessBase"]
[SourceDate "2015.07.17"]
[SourceVersion "1"]
[SourceVersionDate "2015.07.17"]
[SourceQuality "1"]

1. c4 e5 2. Nc3 Nf6 3. g3 Bb4 4. Bg2 0-0 5. Nf3 d6 6. 0-0 Bg4 7. d3 h6 8. h3 Be6 9. Bd2 a5 10. a3 Bc5 11. Qc2 Nbd7 12. Na4 Ba7 13. b4 axb4 14. axb4 c6 15. Rfc1 Qe7 16. Nc3 Rfc8 17. e3 Bb6 18. Rxa8 Rxa8 19. b5 d5 20. bxc6 bxc6 21. cxd5 cxd5 22. Nb5 Bf5 23. g4 Bh7 24. Qc6 Rb8 25. d4 exd4 26. exd4 Bd8 27. Bf4 Rb6 28. Qa8 Rxb5 29. Bc7 Qf8 30. Qxd8 Qxd8 31. Bxd8 Be4 32. Bf1 Rb2 33. Ne1 Rb8 34. Bxf6 Nxf6 35. f3 Bg6 36. Kf2 Kf8 37. Bd3 Rb2+ 38. Rc2 Rxc2+ 39. Bxc2 Bxc2 1/2-1/2

[Event "RM-2014-0-00146"]
[Site "LSS email"]
[Date "2014.08.30"]
[Round "?"]
[White "Khan, Valery"]
[Black "Szabo, Mihaly"]
[Result "0-1"]
[WhiteElo "2137"]
[BlackElo "2254"]
[PlyCount "54"]
[EventDate "2014.07.18"]
[EventType "tourn (corr)"]
[EventRounds "6"]
[EventCountry "GER"]
[SourceTitle "Corr 2015"]
[Source "ChessBase"]
[SourceDate "2015.07.17"]
[SourceVersion "1"]
[SourceVersionDate "2015.07.17"]
[SourceQuality "1"]

1. e4 e5 2. Nf3 Nc6 3. Bb5 a6 4. Ba4 Nf6 5. 0-0 Be7 6. Re1 b5 7. Bb3 d6 8. c3 0-0 9. h3 Nb8 10. d4 Nbd7 11. Bc2 Bb7 12. a4 c5 13. d5 c4 14. Be3 Ne8 15. Na3 f5 16. exf5 Nc7 17. axb5 axb5 18. b3 Bxd5 19. bxc4 bxc4 20. Nd2 Bf7 21. Naxc4 Nb5 22. Rxa8 Qxa8 23. Qa1 d5 24. Ba4 Qa6 25. Bxb5 Qxb5 26. Rb1 Qc6 27. Rb6 Nxb6 0-1

[Event "RA-2014-0-00344"]
[Site "LSS email"]
[Date "2014.08.26"]
[Round "?"]
[White "Khan, Valery"]
[Black "Willmann, Bernd"]
[Result "1-0"]
[WhiteElo "2137"]
[BlackElo "2120"]
[PlyCount "119"]
[EventDate "2014.08.10"]
[EventType "tourn (corr)"]
[EventRounds "6"]
[EventCountry "GER"]
[SourceTitle "Corr 2015"]
[Source "ChessBase"]
[SourceDate "2015.07.17"]
[SourceVersion "1"]
[SourceVersionDate "2015.07.17"]
[SourceQuality "1"]

1. e4 c5 2. Nf3 d6 3. d4 cxd4 4. Nxd4 Nf6 5. Nc3 a6 6. Be2 e5 7. Nb3 Be7 8. 0-0 0-0 9. Be3 Be6 10. Qd3 Nc6 11. a3 Rc8 12. Nd5 Nd7 13. Qd2 h6 14. Rfd1 Bg5 15. Bxg5 hxg5 16. Rac1 g4 17. Qe3 Ne7 18. c4 Bxd5 19. cxd5 Nf6 20. Nd2 Rxc1 21. Rxc1 Qd7 22. Ra1 g6 23. a4 Nh5 24. g3 Kg7 25. a5 f5 26. h3 Nf6 27. hxg4 fxe4 28. Nxe4 Nexd5 29. Nxf6 Rxf6 30. Qe4 Ne7 31. Ra3 Qc6 32. Qe3 Qc7 33. Bf3 Rf8 34. Kg2 Rd8 35. Rc3 Nc6 36. Bxc6 bxc6 37. Qd3 c5 38. Qxa6 Qb8 39. g5 Rf8 40. Qc6 Qa8 41. Qxa8 Rxa8 42. Ra3 Kf7 43. a6 e4 44. f3 exf3+ 45. Kxf3 Ke6 46. a7 Kd5 47. Ra6 c4 48. Ke3 Kc5 49. g4 d5 50. Ra5+ Kb4 51. Rxd5 Rxa7 52. Rd6 Kc5 53. Rxg6 Rb7 54. Rg8 Kd6 55. Kf4 Rxb2 56. g6 c3 57. Rc8 c2 58. g7 Rb8 59. Rxc2 Rg8 60. Kf5 1-0

[Event "RA-2014-0-00344"]
[Site "LSS email"]
[Date "2014.08.26"]
[Round "?"]
[White "Susla, Vitaliy"]
[Black "Khan, Valery"]
[Result "1/2-1/2"]
[WhiteElo "2144"]
[BlackElo "2137"]
[PlyCount "41"]
[EventDate "2014.08.10"]
[EventType "tourn (corr)"]
[EventRounds "6"]
[EventCountry "GER"]
[SourceTitle "Corr 2015"]
[Source "ChessBase"]
[SourceDate "2015.07.17"]
[SourceVersion "1"]
[SourceVersionDate "2015.07.17"]
[SourceQuality "1"]

1. d4 Nf6 2. c4 g6 3. Nc3 d5 4. cxd5 Nxd5 5. e4 Nxc3 6. bxc3 Bg7 7. Nf3 c5 8. Rb1 0-0 9. Be2 Nc6 10. d5 Ne5 11. Nxe5 Bxe5 12. Qd2 e6 13. f4 Bg7 14. c4 Re8 15. e5 f6 16. 0-0 fxe5 17. fxe5 exd5 18. cxd5 Bxe5 19. Bb2 Qd6 20. Bxe5 Qxe5 21. Bc4 1/2-1/2

[Event "RM-2014-0-00145"]
[Site "LSS email"]
[Date "2014.08.18"]
[Round "?"]
[White "Szabo, Vilmos"]
[Black "Khan, Valery"]
[Result "1/2-1/2"]
[WhiteElo "2276"]
[BlackElo "2137"]
[PlyCount "55"]
[EventDate "2014.07.18"]
[EventType "tourn (corr)"]
[EventRounds "6"]
[EventCountry "GER"]
[SourceTitle "Corr 2015"]
[Source "ChessBase"]
[SourceDate "2015.07.17"]
[SourceVersion "1"]
[SourceVersionDate "2015.07.17"]
[SourceQuality "1"]

1. Nf3 d5 2. d4 Nf6 3. c4 dxc4 4. e3 e6 5. Bxc4 a6 6. 0-0 c5 7. Qe2 b5 8. Bd3 Nbd7 9. a4 c4 10. Bc2 Bb7 11. e4 Be7 12. Nc3 b4 13. e5 bxc3 14. exf6 Nxf6 15. bxc3 Bxf3 16. Qxf3 0-0 17. Rb1 Rb8 18. Bf4 Rxb1 19. Rxb1 Qa8 20. Qb7 Nd5 21. Qxa8 Rxa8 22. Bd2 Bd6 23. Kf1 Rb8 24. Rxb8+ Bxb8 25. Bd1 a5 26. Bf3 Bf4 27. Bxd5 Bxd2 28. Bxc4 1/2-1/2

[Event "RM-2014-0-00146"]
[Site "LSS email"]
[Date "2014.08.18"]
[Round "?"]
[White "Szabo, Vilmos"]
[Black "Khan, Valery"]
[Result "1-0"]
[WhiteElo "2276"]
[BlackElo "2137"]
[PlyCount "63"]
[EventDate "2014.07.18"]
[EventType "tourn (corr)"]
[EventRounds "6"]
[EventCountry "GER"]
[SourceTitle "Corr 2015"]
[Source "ChessBase"]
[SourceDate "2015.07.17"]
[SourceVersion "1"]
[SourceVersionDate "2015.07.17"]
[SourceQuality "1"]

1. d4 Nf6 2. c4 g6 3. Nc3 d5 4. cxd5 Nxd5 5. e4 Nxc3 6. bxc3 Bg7 7. Rb1 c5 8. Nf3 0-0 9. Be2 Nc6 10. d5 Bxc3+ 11. Bd2 Bxd2+ 12. Qxd2 Na5 13. h4 f6 14. h5 g5 15. Nxg5 fxg5 16. Qxg5+ Kh8 17. h6 Rf7 18. Bh5 Qg8 19. Qxg8+ Kxg8 20. Bxf7+ Kxf7 21. Rh5 Bg4 22. Rg5 Rg8 23. Rxg8 Kxg8 24. Rc1 b6 25. Rc3 Kf8 26. Rg3 Bh5 27. f4 Bf7 28. Rg7 Bg8 29. e5 Nc4 30. g4 a5 31. g5 a4 32. d6 1-0

[Event "RA-2014-0-00341"]
[Site "LSS email"]
[Date "2014.08.16"]
[Round "?"]
[White "Khan, Valery"]
[Black "Almeida, Ramiro da Costa"]
[Result "1/2-1/2"]
[WhiteElo "2137"]
[BlackElo "2115"]
[PlyCount "59"]
[EventDate "2014.07.21"]
[EventType "tourn (corr)"]
[EventRounds "6"]
[EventCountry "GER"]
[SourceTitle "Corr 2015"]
[Source "ChessBase"]
[SourceDate "2015.07.17"]
[SourceVersion "1"]
[SourceVersionDate "2015.07.17"]
[SourceQuality "1"]

1. d4 Nf6 2. c4 e6 3. Nf3 b6 4. g3 Ba6 5. b3 d5 6. cxd5 exd5 7. Bg2 Bb4+ 8. Bd2 Be7 9. 0-0 0-0 10. Nc3 Re8 11. a3 c5 12. dxc5 bxc5 13. Bg5 Bb7 14. Nh4 g6 15. Ra2 Nc6 16. Nf3 d4 17. Bxf6 Bxf6 18. Na4 c4 19. Nc5 cxb3 20. Nxb7 Qb6 21. Rd2 Qxb7 22. Nxd4 Bxd4 23. Rxd4 Qb6 24. Rd3 Rab8 25. Bxc6 Qxc6 26. Rxb3 Rxb3 27. Qxb3 Rxe2 28. Qb8+ Kg7 29. Qxa7 Qd6 30. Ra1 1/2-1/2

[Event "RA-2014-0-00341"]
[Site "LSS email"]
[Date "2014.08.15"]
[Round "?"]
[White "Ustimenko, Aleksandr"]
[Black "Khan, Valery"]
[Result "1/2-1/2"]
[WhiteElo "2089"]
[BlackElo "2137"]
[PlyCount "75"]
[EventDate "2014.07.21"]
[EventType "tourn (corr)"]
[EventRounds "6"]
[EventCountry "GER"]
[SourceTitle "Corr 2015"]
[Source "ChessBase"]
[SourceDate "2015.07.17"]
[SourceVersion "1"]
[SourceVersionDate "2015.07.17"]
[SourceQuality "1"]

1. e4 c5 2. Nf3 d6 3. d4 cxd4 4. Nxd4 Nf6 5. Nc3 a6 6. g3 e5 7. Nde2 Be7 8. Bg2 0-0 9. 0-0 Qc7 10. Be3 b5 11. Nc1 Nbd7 12. Nd3 Nb6 13. Nb4 Be6 14. Ncd5 Nbxd5 15. exd5 Bd7 16. Nc6 Bxc6 17. dxc6 e4 18. c4 bxc4 19. Qa4 Rfc8 20. Qxc4 d5 21. Qd4 Qxc6 22. Bh3 Re8 23. Rac1 Qb5 24. a4 Qe2 25. Rc6 a5 26. Rfc1 Qh5 27. Kg2 Rab8 28. Rb6 Qf3+ 29. Kg1 Rbd8 30. Rb5 Qh5 31. Kg2 Bb4 32. Rc7 Rd6 33. Bf4 Qf3+ 34. Kg1 Ra6 35. Rbb7 Rf8 36. Bf1 Re6 37. Bh3 Ree8 38. Rc6 1/2-1/2

[Event "RA-2014-0-00341"]
[Site "LSS email"]
[Date "2014.08.13"]
[Round "?"]
[White "Willmann, Bernd"]
[Black "Khan, Valery"]
[Result "1/2-1/2"]
[WhiteElo "2120"]
[BlackElo "2137"]
[PlyCount "48"]
[EventDate "2014.07.21"]
[EventType "tourn (corr)"]
[EventRounds "6"]
[EventCountry "GER"]
[SourceTitle "Corr 2015"]
[Source "ChessBase"]
[SourceDate "2015.07.17"]
[SourceVersion "1"]
[SourceVersionDate "2015.07.17"]
[SourceQuality "1"]

1. e4 c5 2. Nf3 d6 3. d4 cxd4 4. Nxd4 Nf6 5. Nc3 a6 6. Be2 e5 7. Nb3 Be6 8. 0-0 Nbd7 9. f4 Rc8 10. f5 Bc4 11. Bxc4 Rxc4 12. Be3 Be7 13. Qd3 Rc8 14. a4 Nb6 15. Bg5 Nc4 16. Rab1 0-0 17. Bxf6 Bxf6 18. Nd5 Nb6 19. Nc3 Nc4 20. Nd5 Nb6 21. Nc3 Bg5 22. g3 Nc4 23. Nd5 Nb6 24. Nc3 Nc4 1/2-1/2

[Event "RM-2014-0-00148"]
[Site "LSS email"]
[Date "2014.08.09"]
[Round "?"]
[White "Khan, Valery"]
[Black "Ortiz, Manuel"]
[Result "1/2-1/2"]
[WhiteElo "2139"]
[BlackElo "2150"]
[PlyCount "41"]
[EventDate "2014.08.01"]
[EventType "tourn (corr)"]
[EventRounds "6"]
[EventCountry "GER"]
[SourceTitle "Corr 2015"]
[Source "ChessBase"]
[SourceDate "2015.07.17"]
[SourceVersion "1"]
[SourceVersionDate "2015.07.17"]
[SourceQuality "1"]

1. d4 e6 2. c4 Nf6 3. Nc3 Bb4 4. Qc2 d5 5. cxd5 exd5 6. Bg5 h6 7. Bh4 c5 8. dxc5 g5 9. Bg3 Ne4 10. e3 Qa5 11. Rc1 Qxa2 12. Bb5+ Bd7 13. Bxd7+ Nxd7 14. Nge2 Nxc3 15. Nxc3 Qc4 16. Qf5 Nxc5 17. Qe5+ Kd7 18. Qd6+ Ke8 19. Qe5+ Kd7 20. Qc7+ Ke8 21. Qe5+ 1/2-1/2

[Event "RM-2014-0-00144"]
[Site "LSS email"]
[Date "2014.08.02"]
[Round "?"]
[White "Pascual Perez, Norge"]
[Black "Khan, Valery"]
[Result "1/2-1/2"]
[WhiteElo "2244"]
[BlackElo "2137"]
[PlyCount "84"]
[EventDate "2014.06.30"]
[EventType "tourn (corr)"]
[EventRounds "6"]
[EventCountry "GER"]
[SourceTitle "Corr 2015"]
[Source "ChessBase"]
[SourceDate "2015.07.17"]
[SourceVersion "1"]
[SourceVersionDate "2015.07.17"]
[SourceQuality "1"]

1. b3 e5 2. Bb2 Nc6 3. e3 Nf6 4. c4 d5 5. cxd5 Nxd5 6. a3 Bd6 7. Qc2 0-0 8. Nf3 Qf6 9. Bd3 Qh6 10. Nc3 Nb6 11. Bf5 Bxf5 12. Qxf5 Rae8 13. 0-0 Ne7 14. Qc2 a6 15. d3 f5 16. b4 Kh8 17. Rad1 Ng6 18. h3 c6 19. Kh1 Bc7 20. b5 axb5 21. Nxb5 Bb8 22. Nc3 e4 23. dxe4 fxe4 24. Nd4 Nc4 25. Bc1 Nd6 26. Nde2 Nh4 27. Nf4 g5 28. Nfe2 b5 29. Rd4 Qe6 30. Bb2 Kg8 31. Ng3 Nhf5 32. Nxf5 Qxf5 33. Kg1 Nc4 34. Bc1 Be5 35. Rdd1 Bc7 36. Ne2 h5 37. Nd4 Qe5 38. f4 gxf4 39. exf4 Qf6 40. Kh1 Bb6 41. Ne2 Qf5 42. Ng3 Qg6 1/2-1/2

[Event "RM-2014-0-00144"]
[Site "LSS email"]
[Date "2014.08.01"]
[Round "?"]
[White "Szabo, Mihaly"]
[Black "Khan, Valery"]
[Result "1/2-1/2"]
[WhiteElo "2254"]
[BlackElo "2137"]
[PlyCount "54"]
[EventDate "2014.06.30"]
[EventType "tourn (corr)"]
[EventRounds "6"]
[EventCountry "GER"]
[SourceTitle "Corr 2015"]
[Source "ChessBase"]
[SourceDate "2015.07.17"]
[SourceVersion "1"]
[SourceVersionDate "2015.07.17"]
[SourceQuality "1"]

1. e4 c5 2. Nf3 d6 3. d4 cxd4 4. Nxd4 Nf6 5. Nc3 a6 6. Be2 e5 7. Nb3 Be7 8. Qd3 0-0 9. 0-0 Be6 10. Be3 Nc6 11. a3 Na5 12. Nxa5 Qxa5 13. Rac1 Rfc8 14. Rfd1 b5 15. Bg5 Qd8 16. Bxf6 Bxf6 17. Qxd6 Qxd6 18. Rxd6 Be7 19. Rd3 Bc4 20. Rg3 Bxe2 21. Nxe2 Rc4 22. Nc3 Rac8 23. Nd5 Bh4 24. Rc3 Rxc3 25. Nxc3 Be7 26. Ra1 Bf8 27. Rd1 f6 1/2-1/2

[Event "RM-2014-0-00145"]
[Site "LSS email"]
[Date "2014.07.21"]
[Round "?"]
[White "Khan, Valery"]
[Black "Morcin, Tom"]
[Result "1/2-1/2"]
[WhiteElo "2137"]
[BlackElo "2116"]
[PlyCount "90"]
[EventDate "2014.07.18"]
[EventType "tourn (corr)"]
[EventRounds "6"]
[EventCountry "GER"]
[SourceTitle "Corr 2015"]
[Source "ChessBase"]
[SourceDate "2015.07.17"]
[SourceVersion "1"]
[SourceVersionDate "2015.07.17"]
[SourceQuality "1"]

1. e4 e5 2. Nf3 Nc6 3. Bb5 Nf6 4. d3 d6 5. c3 Be7 6. Nbd2 0-0 7. Nf1 Be6 8. Ng3 a6 9. Ba4 b5 10. Bc2 d5 11. exd5 Qxd5 12. 0-0 h6 13. Be3 Rad8 14. h3 Rfe8 15. Re1 Qd6 16. Bd2 Nd5 17. a4 Bf8 18. b4 Be7 19. axb5 axb5 20. Ra6 Bc8 21. Ne4 Qe6 22. Ra8 Qg6 23. Ng3 Qd6 24. Qe2 Qg6 25. Ra2 Qd6 26. Ne4 Qe6 27. Ra8 Qg6 28. Ng3 Qd6 29. Kh1 Nf4 30. Bxf4 exf4 31. Ne4 Qd5 32. Qd2 Ne5 33. Nxe5 Qxe5 34. d4 Qd5 35. Qd3 Kf8 36. Ra7 Bf5 37. f3 Ra8 38. Rea1 g5 39. Qf1 Rxa7 40. Rxa7 c6 41. Qd1 Be6 42. Nf2 Qd6 43. Qd3 f5 44. Qd1 Bf6 45. Nd3 Re7 1/2-1/2

[Event "SA-2014-0-00417"]
[Site "LSS email"]
[Date "2014.07.16"]
[Round "?"]
[White "Vaassen, Jack M"]
[Black "Khan, Valery"]
[Result "1-0"]
[WhiteElo "2125"]
[BlackElo "2137"]
[PlyCount "83"]
[EventDate "2014.07.02"]
[EventType "tourn (corr)"]
[EventRounds "6"]
[EventCountry "GER"]
[SourceTitle "Corr 2015"]
[Source "ChessBase"]
[SourceDate "2015.07.17"]
[SourceVersion "1"]
[SourceVersionDate "2015.07.17"]
[SourceQuality "1"]

1. d4 Nf6 2. c4 g6 3. Nc3 d5 4. cxd5 Nxd5 5. e4 Nxc3 6. bxc3 Bg7 7. Nf3 c5 8. Rb1 0-0 9. Be2 Nc6 10. d5 Bxc3+ 11. Bd2 Bxd2+ 12. Qxd2 Na5 13. h4 f6 14. h5 g5 15. Nxg5 fxg5 16. Qxg5+ Kh8 17. h6 Rf7 18. Bh5 Qg8 19. Qxg8+ Kxg8 20. Bxf7+ Kxf7 21. Rh5 Bd7 22. Rg5 Rg8 23. Rxg8 Kxg8 24. Rc1 b6 25. Rc3 Be8 26. Rg3+ Kf8 27. f4 Bf7 28. Rg7 Bg8 29. e5 Nc4 30. Ke2 a5 31. a4 b5 32. axb5 a4 33. d6 exd6 34. Rd7 dxe5 35. Rd8+ Kf7 36. Kd3 Nb6 37. fxe5 a3 38. Kc2 a2 39. Kb2 Nc4+ 40. Kxa2 Nxe5 41. b6 Nc6 42. Ra8 1-0

[Event "RA-2014-0-00336"]
[Site "LSS email"]
[Date "2014.07.14"]
[Round "?"]
[White "Morcin, Tom"]
[Black "Khan, Valery"]
[Result "1/2-1/2"]
[WhiteElo "2116"]
[BlackElo "2137"]
[PlyCount "55"]
[EventDate "2014.06.25"]
[EventType "tourn (corr)"]
[EventRounds "6"]
[EventCountry "GER"]
[SourceTitle "Corr 2015"]
[Source "ChessBase"]
[SourceDate "2015.07.17"]
[SourceVersion "1"]
[SourceVersionDate "2015.07.17"]
[SourceQuality "1"]

1. d4 Nf6 2. c4 g6 3. Nf3 Bg7 4. Nc3 d5 5. Qb3 dxc4 6. Qxc4 0-0 7. e4 a6 8. Be2 b5 9. Qd3 c5 10. dxc5 Qxd3 11. Bxd3 Bb7 12. Be3 Nbd7 13. Rc1 Ng4 14. Nd1 Rfc8 15. b4 Rd8 16. Ke2 Nde5 17. Bb1 Nxe3 18. Nxe3 Nc6 19. Nc2 Bc8 20. Ne3 Be6 21. Ng5 Bb2 22. Nxe6 fxe6 23. Rcd1 Nxb4 24. Nc2 Nc6 25. Rxd8+ Rxd8 26. Rd1 Rxd1 27. Kxd1 Kf7 28. Kd2 1/2-1/2